Football Clubs Managed by Fabio Capello - Statistics

General Stats
  • This quiz has been taken 192 times
  • The average score is 4 of 7
Answer Stats
Years Club % Correct
2007-2012 England
83%
2004-2006 Juventus
82%
1991-1996 Milan
81%
1996-1997 Real Madrid
68%
1999-2004 Roma
61%
2012-2015 Russia
38%
2017-2018 Jiangsu Suning
11%
No matching quizzes found
Score Distribution
Percent of People with Each Score
Percentile by Number Answered
Your Score History
You have not taken this quiz